00805nac a22002291u 4500010001600000020002800016022001500044082001500059090001500074100003400089245005700123250003200180260004800212300004700260500002700307504005100334650001500385700002500400942001700425999001500442952011800457 a 00062471 a0072314885 (alk. paper) a007118064800a330bS1938 c4056d4056 aSamuelson, Paul Anthon 10aEconomics /cPaul A. Samuelson, William D. Nordhaus. a17th ed.bInternational ed. aBoston, Mass. :bMcGraw-Hill,c2001.cc2001. axxiv, 792 p. :bill. (some col.) ;c26 cm. aInternational Edition. aIncludes bibliographical references and index. 0aEconomics.1 aNordhaus, William D. cBBk330S1938 c4056d4056 00104070aMAINbMAINc1STd2007-08-19ePurchasel3m10o330 SAMp000000077r2025-07-15 00:00:00s2019-03-27yBB